[Event "Titled Tue 17th Jun Late"]
[Site "chess.com INT"]
[Date "2025.06.17"]
[Round "6"]
[White "Jarmula, Lukasz"]
[Black "Tsydypov, Zhamsaran"]
[Result "1-0"]
[WhiteTitle "GM"]
[BlackTitle "GM"]
[WhiteElo "2440"]
[BlackElo "2514"]
[WhiteFideId "1160664"]
[BlackFideId "4108566"]
[EventDate "2025.06.17"]

1. Nf3 d5 2. g3 c5 3. Bg2 Nc6 4. O-O Nf6 5. d3 e5 6. e4 d4 7. a4 Bd6 8. Na3 Nd7
9. Nc4 Bc7 10. Nh4 O-O 11. Nf5 f6 12. Nfd6 Nb6 13. Nxc8 Nxc8 14. f4 b6 15. Qg4
Qe8 16. Bh3 Nb4 17. fxe5 fxe5 18. Qe6+ Kh8 19. Bg5 Nd6 20. Rxf8+ Qxf8 21. Be7
Qf3 22. Bxd6 Bxd6 23. Qxd6 Rg8 24. Rf1 1-0

[Event "Titled Tue 17th Jun Late"]
[Site "chess.com INT"]
[Date "2025.06.17"]
[Round "6"]
[White "Cevizci, Yusuf Baran"]
[Black "Makridis, Dimitrios"]
[Result "0-1"]
[WhiteTitle "CM"]
[BlackTitle "FM"]
[WhiteElo "2062"]
[BlackElo "2283"]
[WhiteFideId "34565400"]
[BlackFideId "25864475"]
[EventDate "2025.06.17"]

1. e4 g6 2. d4 Bg7 3. Nf3 d6 4. Bd3 Nc6 5. d5 Ne5 6. Nxe5 Bxe5 7. f4 Bg7 8. O-O
h5 9. c4 Nf6 10. Nc3 Ng4 11. Be2 c5 12. dxc6 bxc6 13. Bxg4 hxg4 14. Be3 Rb8 15.
Qd2 e5 16. g3 exf4 17. Rxf4 Be6 18. Bd4 Rxb2 19. Qxb2 Bxd4+ 20. Kg2 Ke7 21. Qb7+
Bd7 22. Nd5+ cxd5 23. Rd1 Rxh2+ 24. Kxh2 Qh8+ 25. Kg2 Qh3# 0-1

[Event "Titled Tue 17th Jun Late"]
[Site "chess.com INT"]
[Date "2025.06.17"]
[Round "6"]
[White "Nayak, Rajesh"]
[Black "Salonen, Aku"]
[Result "1-0"]
[WhiteTitle "FM"]
[BlackTitle "FM"]
[WhiteElo "2262"]
[BlackElo "2330"]
[WhiteFideId "35017152"]
[BlackFideId "517577"]
[EventDate "2025.06.17"]

1. e4 e6 2. d4 d5 3. Nc3 Nf6 4. e5 Nfd7 5. Nce2 c5 6. c3 Nc6 7. f4 a5 8. Nf3 a4
9. g3 Qa5 10. Kf2 cxd4 11. cxd4 a3 12. b3 b5 13. h4 b4 14. Bh3 g6 15. h5 Ba6 16.
Bg4 Bg7 17. Be3 Qb5 18. Rc1 O-O-O 19. Ng5 Rdf8 20. h6 Bxh6 21. Rxh6 f6 22. Nxe6
Re8 23. Nc5 1-0

[Event "Titled Tue 17th Jun Late"]
[Site "chess.com INT"]
[Date "2025.06.17"]
[Round "6"]
[White "Sethuraman, Roshan"]
[Black "Logachiov, Aleksandr"]
[Result "1-0"]
[BlackTitle "CM"]
[WhiteElo "2074"]
[BlackElo "2129"]
[WhiteFideId "30965250"]
[BlackFideId "24123706"]
[EventDate "2025.06.17"]

1. e4 c5 2. Nf3 e6 3. d4 cxd4 4. Nxd4 Nf6 5. Nc3 Nc6 6. Ndb5 Bb4 7. Bf4 Nxe4 8.
Qf3 d5 9. Nc7+ Kf8 10. Nxa8 Qf6 11. O-O-O Nxc3 12. bxc3 Ba3+ 13. Kb1 g5 14. Bc1
Qe7 15. Nc7 Bxc1 16. Nxe6+ Bxe6 17. Rxc1 Na5 18. Qe3 d4 19. Qxd4 f6 20. Qb4 Nc6
21. Qxe7+ Kxe7 22. Re1 Ne5 23. Kb2 Rc8 24. Bd3 Ng4 25. Bf5 Ne5 26. Bxe6 Kxe6 27.
Re4 Kf5 28. Rhe1 Nc4+ 29. Kc1 Nd6 30. Rd4 Nb5 31. Rd5+ 1-0

[Event "Titled Tue 17th Jun Late"]
[Site "chess.com INT"]
[Date "2025.06.17"]
[Round "6"]
[White "Todorovic, Bojan"]
[Black "Liu, Xiangyi"]
[Result "0-1"]
[WhiteTitle "FM"]
[BlackTitle "IM"]
[WhiteElo "2111"]
[BlackElo "2370"]
[WhiteFideId "917087"]
[BlackFideId "8605718"]
[EventDate "2025.06.17"]

1. d4 e6 2. c4 Nf6 3. Nc3 Bb4 4. e3 b6 5. Bd3 Bb7 6. Nf3 O-O 7. O-O Bxc3 8. bxc3
Be4 9. Be2 d6 10. Nd2 Bb7 11. f3 Nc6 12. e4 e5 13. Nb3 Nd7 14. c5 dxc5 15. dxc5
Qe7 16. Be3 Rfd8 17. Qe1 a5 18. a4 bxc5 19. Qf2 Ba6 20. Bxa6 Rxa6 21. Nxc5 Nxc5
22. Bxc5 Qe6 23. Qe2 Raa8 24. Rab1 h6 25. Rfd1 Rxd1+ 26. Qxd1 Qc4 27. Qd5 Qxa4
28. Rb7 Rd8 29. Qb3 Qa1+ 30. Kf2 Rd2+ 31. Kg3 Qf1 0-1

[Event "Titled Tue 17th Jun Late"]
[Site "chess.com INT"]
[Date "2025.06.17"]
[Round "6"]
[White "Przybylski, Wojciech"]
[Black "Sarkar, Justin"]
[Result "1-0"]
[WhiteTitle "FM"]
[BlackTitle "IM"]
[WhiteElo "2340"]
[BlackElo "2284"]
[WhiteFideId "1117599"]
[BlackFideId "2010011"]
[EventDate "2025.06.17"]

1. e4 e5 2. Nf3 Nc6 3. Bb5 a6 4. Ba4 Be7 5. d3 d6 6. h3 Nf6 7. O-O b5 8. Bb3 Na5
9. Bd2 Nxb3 10. axb3 O-O 11. Ba5 Nd7 12. d4 Bb7 13. Nc3 f5 14. dxe5 fxe4 15. Nd4
Nxe5 16. Ne6 Qd7 17. Nxc7 Nf3+ 18. Kh1 e3 19. N7d5 Nh4 20. Qg4 Qxg4 21. hxg4 Bf6
22. f3 1-0

[Event "Titled Tue 17th Jun Late"]
[Site "chess.com INT"]
[Date "2025.06.17"]
[Round "6"]
[White "Chiu, Isaac"]
[Black "Bratovic, Blaz"]
[Result "0-1"]
[BlackTitle "IM"]
[WhiteElo "2226"]
[BlackElo "2319"]
[WhiteFideId "30900654"]
[BlackFideId "14603551"]
[EventDate "2025.06.17"]

1. e4 c5 2. Nf3 d6 3. d4 cxd4 4. Nxd4 Nf6 5. Nc3 a6 6. Bd3 e6 7. a3 Nc6 8. Nde2
Be7 9. O-O Kf8 10. h3 h5 11. f4 b5 12. Be3 Bb7 13. Qe1 h4 14. Rd1 Qc7 15. Qf2
Rh5 16. Nd4 Nxd4 17. Bxd4 e5 18. fxe5 dxe5 19. Be3 Rc8 20. Kh2 Bc5 21. Bxc5+
Qxc5 22. Qe2 Rh6 23. Rf5 Re8 24. Rdf1 Bc8 25. R5f2 Kg8 26. Nd1 Be6 27. Ne3 Nh5
28. Rd1 Nf4 29. Qf3 Rg6 30. Bf1 Rg3 31. Re1 Rxf3 32. gxf3 Rd8 0-1

[Event "Titled Tue 17th Jun Late"]
[Site "chess.com INT"]
[Date "2025.06.17"]
[Round "6"]
[White "Anhwere, Bernard"]
[Black "Molinaroli, Martin"]
[Result "1-0"]
[WhiteTitle "CM"]
[BlackTitle "FM"]
[WhiteElo "1906"]
[BlackElo "2157"]
[WhiteFideId "12600580"]
[BlackFideId "4606604"]
[EventDate "2025.06.17"]

1. d4 g6 2. c4 Bg7 3. Nf3 c5 4. d5 b5 5. cxb5 d6 6. Nc3 a6 7. bxa6 Nf6 8. g3 O-O
9. Bg2 Bxa6 10. O-O Nbd7 11. h3 Qc7 12. Rb1 Rfb8 13. Qc2 Nb6 14. Nd2 Nc4 15.
Nxc4 Bxc4 16. b3 Ba6 17. Bb2 h5 18. a4 Qb6 19. Bc1 h4 20. gxh4 Qb4 21. Bg5 Ra7
22. Na2 Qa5 23. Bd2 Qd8 24. Be3 Rab7 25. Rfd1 Rc8 26. Qd2 Qa5 27. Qxa5 1-0

[Event "Titled Tue 17th Jun Late"]
[Site "chess.com INT"]
[Date "2025.06.17"]
[Round "6"]
[White "Suarez, Pedro"]
[Black "Zhukovskyi, Oleksandr"]
[Result "1/2-1/2"]
[WhiteTitle "CM"]
[BlackTitle "CM"]
[WhiteElo "2066"]
[BlackElo "2145"]
[WhiteFideId "3007642"]
[BlackFideId "14169371"]
[EventDate "2025.06.17"]

1. d4 Nf6 2. c4 g6 3. Nc3 d5 4. Bg5 Ne4 5. Bf4 Nxc3 6. bxc3 Bg7 7. Nf3 c5 8. e3
cxd4 9. cxd4 O-O 10. Bd3 dxc4 11. Bxc4 Qa5+ 12. Qd2 Qxd2+ 13. Nxd2 Nc6 14. Rb1
e5 15. dxe5 Nxe5 16. O-O Rd8 17. Bxe5 Bxe5 18. Nf3 Bf6 19. e4 Rb8 20. Bd5 b6 21.
Rfd1 Bg4 22. Rb3 Rbc8 23. h3 Be6 24. Rbd3 Bxd5 25. Rxd5 Rxd5 26. Rxd5 Rc1+ 27.
Kh2 Rc2 28. e5 Be7 29. Rd7 Kf8 30. Rxa7 Rxf2 31. Kg3 Re2 32. Ra8+ Kg7 33. Ra7
Kf8 34. Ra8+ Kg7 35. Ra7 Kf8 1/2-1/2

[Event "Titled Tue 17th Jun Late"]
[Site "chess.com INT"]
[Date "2025.06.17"]
[Round "6"]
[White "Klepek, Witold"]
[Black "Beulen, Marcel"]
[Result "0-1"]
[WhiteTitle "CM"]
[BlackTitle "FM"]
[WhiteElo "2253"]
[BlackElo "2359"]
[WhiteFideId "1175068"]
[BlackFideId "1001450"]
[EventDate "2025.06.17"]

1. c4 c6 2. Nf3 d5 3. cxd5 cxd5 4. g3 Nf6 5. Bg2 Nc6 6. O-O Bg4 7. Qa4 Bxf3 8.
Bxf3 e6 9. d4 Be7 10. Nc3 O-O 11. Bf4 a6 12. Rac1 h6 13. h4 Bd6 14. Bxd6 Qxd6
15. Qa3 Qxa3 16. bxa3 Nxd4 17. Bg2 Rfc8 18. Rfe1 Rc4 19. e3 Nb5 20. Nb1 Rac8 21.
Rcd1 Rc2 22. a4 Nc3 23. Nxc3 R8xc3 24. Rb1 Rxa2 25. Rxb7 Rcc2 26. Rf1 Rxa4 27.
Ra7 a5 28. Rb1 Rb4 29. Ra1 Rbb2 30. Ra8+ Kh7 31. R8xa5 Rxf2 32. Bf1 Ne4 33. g4
Ng3 34. Bh3 Rh2 35. h5 Rh1# 0-1

[Event "Titled Tue 17th Jun Late"]
[Site "chess.com INT"]
[Date "2025.06.17"]
[Round "6"]
[White "Grabinsky, Vladimir"]
[Black "Arias Igual, Alejandro"]
[Result "0-1"]
[WhiteTitle "IM"]
[BlackTitle "FM"]
[WhiteElo "2192"]
[BlackElo "2242"]
[WhiteFideId "14107074"]
[BlackFideId "2254905"]
[EventDate "2025.06.17"]

1. e4 e6 2. Nf3 d5 3. e5 c5 4. b4 b6 5. c3 Nc6 6. a3 Nge7 7. d4 cxd4 8. cxd4 Ng6
9. h4 h6 10. h5 Nge7 11. Bd3 Nf5 12. Bb2 Be7 13. Nc3 Nfxd4 14. Nxd4 Nxd4 15. Qg4
Nf5 16. Bxf5 exf5 17. Qxg7 Rf8 18. Rd1 Be6 19. O-O Rc8 20. Nb5 Rc4 21. Nd6+ Bxd6
22. exd6 Rg4 23. Qxh6 Rfg8 24. g3 Qh4 25. Be5 f4 26. Qf6 Rxg3+ 27. fxg3 Qxg3+
28. Kh1 Qg2# 0-1

[Event "Titled Tue 17th Jun Late"]
[Site "chess.com INT"]
[Date "2025.06.17"]
[Round "6"]
[White "Ersahin, Bulent"]
[Black "Roebers, Eline"]
[Result "0-1"]
[WhiteTitle "CM"]
[BlackTitle "IM"]
[WhiteElo "2106"]
[BlackElo "2356"]
[WhiteFideId "6302670"]
[BlackFideId "1058401"]
[EventDate "2025.06.17"]

1. e4 c5 2. Nf3 e6 3. d4 cxd4 4. Nxd4 Nf6 5. Nc3 Nc6 6. Ndb5 Bc5 7. Bf4 O-O 8.
Bc7 Qe7 9. Bd6 Bxd6 10. Qxd6 Qd8 11. O-O-O a6 12. Nd4 Ne7 13. g4 Ne8 14. Qg3 b5
15. a3 Bb7 16. Bg2 Rc8 17. Rhe1 Qb6 18. Kb1 Rc4 19. Nb3 b4 20. axb4 Rxb4 21.
Rxd7 Nc6 22. Qe3 Qxe3 23. Rxe3 Ne5 24. Rd8 Nxg4 25. Red3 Nxf2 26. R3d7 Nf6 27.
Rxf8+ Kxf8 28. Rd8+ Ke7 29. Rb8 Nd7 30. Rg8 g6 31. h3 Nxe4 32. Bxe4 Bxe4 33. Na5
Bf3 34. Rc8 h5 35. b3 g5 36. Rg8 g4 37. hxg4 hxg4 38. Na4 Nf6 39. Rg7 Rb5 40.
Nc4 Kf8 0-1

[Event "Titled Tue 17th Jun Late"]
[Site "chess.com INT"]
[Date "2025.06.17"]
[Round "6"]
[White "Ahmad, Khagan"]
[Black "Vaganian, Rafael A"]
[Result "1/2-1/2"]
[WhiteTitle "IM"]
[BlackTitle "GM"]
[WhiteElo "2394"]
[BlackElo "2449"]
[WhiteFideId "13431552"]
[BlackFideId "13300016"]
[EventDate "2025.06.17"]

1. e4 e6 2. d4 d5 3. Nc3 Bb4 4. Ne2 Ne7 5. a3 Bxc3+ 6. Nxc3 b6 7. exd5 Nxd5 8.
Qg4 Kf8 9. Bd3 Ba6 10. Bxa6 Nxa6 11. O-O Nxc3 12. bxc3 Qd5 13. a4 c5 14. a5 h5
15. Qe2 c4 16. axb6 axb6 17. Ba3+ Kg8 18. Rfb1 b5 19. Bc5 Nxc5 20. Rxa8+ Qxa8
21. dxc5 Qc6 22. Qe5 g6 23. Qd6 Qxd6 24. cxd6 Kg7 25. Rxb5 Rd8 26. Rb6 Kf6 27.
f4 e5 28. d7+ Kf5 29. fxe5 Kxe5 30. Rc6 Rxd7 31. Rxc4 Rd2 32. Rc7 f6 33. Rc5+
Ke4 34. Rc6 Ke5 35. h3 Rxc2 36. c4 h4 37. Kh2 g5 38. Rc8 f5 39. c5 Kf4 40. c6
Rc1 41. Rc7 Rc2 42. Rc8 Rc1 43. Rc7 Rc2 44. Rc8 1/2-1/2

[Event "Titled Tue 17th Jun Late"]
[Site "chess.com INT"]
[Date "2025.06.17"]
[Round "6"]
[White "Khenkin, Igor"]
[Black "Manvelyan, Mikayel"]
[Result "0-1"]
[WhiteTitle "GM"]
[BlackTitle "FM"]
[WhiteElo "2499"]
[BlackElo "2362"]
[WhiteFideId "4659600"]
[BlackFideId "13310143"]
[EventDate "2025.06.17"]

1. e4 c5 2. Nc3 Nc6 3. Bb5 Nf6 4. Bxc6 dxc6 5. d3 Qc7 6. f4 g6 7. Nf3 Bg7 8. O-O
O-O 9. Qe1 b5 10. e5 Nd5 11. Ne4 Qb6 12. c4 Nb4 13. Qe2 Rd8 14. Nf2 Bf5 15. Ne1
h5 16. a3 Na6 17. Be3 bxc4 18. dxc4 Qb3 19. h3 Rab8 20. g4 hxg4 21. hxg4 Be6 22.
Rc1 Qxb2 23. Qxb2 Rxb2 24. Ned3 Rb3 25. Bxc5 Rdxd3 26. Nxd3 Rxd3 27. Bxe7 Bxg4
28. c5 Nc7 29. Rb1 Nd5 30. Rb8+ Kh7 31. Rf2 Nxe7 0-1

[Event "Titled Tue 17th Jun Late"]
[Site "chess.com INT"]
[Date "2025.06.17"]
[Round "6"]
[White "Londono Lopez, Donaldo"]
[Black "Gkavardinas, Antonios"]
[Result "0-1"]
[WhiteTitle "FM"]
[BlackTitle "FM"]
[WhiteElo "2186"]
[BlackElo "2278"]
[WhiteFideId "4462009"]
[BlackFideId "25883097"]
[EventDate "2025.06.17"]

1. e4 c6 2. d4 d5 3. Nc3 dxe4 4. Nxe4 Bf5 5. Ng3 Bg6 6. h4 h6 7. Nf3 Nd7 8. h5
Bh7 9. Bd3 Bxd3 10. Qxd3 e6 11. Bd2 Ngf6 12. O-O-O Be7 13. Kb1 O-O 14. Ne4 c5
15. g4 Nxg4 16. Qe2 Qb6 17. Rdg1 f5 18. dxc5 Nxc5 19. Nxc5 Bxc5 20. Bc3 Bxf2 21.
Rg2 Qe3 22. Qxe3 Bxe3 23. Ne5 Nxe5 24. Bxe5 Bg5 25. Rhg1 Rad8 26. a3 Rd5 27. Bc3
f4 28. Re1 f3 29. Rg4 Bf6 30. Bb4 Rfd8 31. Rf4 a5 32. Bc3 Bxc3 33. bxc3 Rd1+ 34.
Rxd1 Rxd1+ 35. Kb2 Rf1 0-1

[Event "Titled Tue 17th Jun Late"]
[Site "chess.com INT"]
[Date "2025.06.17"]
[Round "6"]
[White "Mahdavi, Reza"]
[Black "Jakubowski, Krzysztof"]
[Result "1-0"]
[WhiteTitle "IM"]
[BlackTitle "GM"]
[WhiteElo "2454"]
[BlackElo "2448"]
[WhiteFideId "12595926"]
[BlackFideId "1112848"]
[EventDate "2025.06.17"]

1. e4 c6 2. d4 d5 3. exd5 cxd5 4. Bd3 Nc6 5. c3 Nf6 6. Bf4 Bg4 7. Qb3 Qd7 8. Nd2
e6 9. Ngf3 Bxf3 10. Nxf3 Bd6 11. Bg3 O-O 12. Qc2 Rfc8 13. Qe2 a6 14. O-O b5 15.
a3 Rab8 16. Ne5 Bxe5 17. dxe5 Ne8 18. f4 g6 19. Rad1 Qb7 20. Rf3 a5 21. Bf2 b4
22. axb4 axb4 23. Ba6 Qe7 24. Bxc8 Rxc8 25. c4 dxc4 26. Qxc4 Qb7 27. Qe4 Qb5 28.
Rfd3 Ne7 29. Rd8 Rxd8 30. Rxd8 Nd5 31. Qd4 Kg7 32. h3 h5 33. Qc5 Qa4 34. b3 Qa1+
35. Kh2 Ndc7 36. Qe7 Qc1 37. Bg3 Qe3 38. Rxe8 Nxe8 39. Qxe8 h4 40. Bxh4 Qxf4+
41. Bg3 Qe3 42. Qe7 Qxb3 43. Bh4 Qc3 1-0

[Event "Titled Tue 17th Jun Late"]
[Site "chess.com INT"]
[Date "2025.06.17"]
[Round "6"]
[White "Miserendino, Alfredo"]
[Black "Kukushkin, Ivan"]
[Result "0-1"]
[BlackTitle "CM"]
[WhiteElo "2032"]
[BlackElo "2008"]
[WhiteFideId "101800"]
[BlackFideId "11634103"]
[EventDate "2025.06.17"]

1. e4 c5 2. Nf3 Nc6 3. Bb5 Nf6 4. Bxc6 dxc6 5. e5 Nd5 6. h3 Bf5 7. O-O e6 8. Nc3
Bg6 9. Re1 Be7 10. Ne4 Bxe4 11. Rxe4 Qd7 12. d3 O-O-O 13. a3 h6 14. b4 Nc3 15.
Qe1 Nxe4 16. Qxe4 Qd5 17. Qe1 c4 18. d4 g5 19. c3 Rhg8 20. Nh2 h5 21. g3 f5 22.
Qe2 f4 23. g4 hxg4 24. Nxg4 Rh8 25. Kh2 Rxh3+ 26. Kxh3 Rh8+ 27. Nh6 Rxh6+ 28.
Kg4 Qg2# 0-1

[Event "Titled Tue 17th Jun Late"]
[Site "chess.com INT"]
[Date "2025.06.17"]
[Round "6"]
[White "Melillo, Lucius"]
[Black "Ilinca, Felix-Antonio"]
[Result "0-1"]
[WhiteTitle "FM"]
[BlackTitle "IM"]
[WhiteElo "2170"]
[BlackElo "2431"]
[WhiteFideId "30958245"]
[BlackFideId "54764998"]
[EventDate "2025.06.17"]

1. d4 c6 2. c4 d5 3. cxd5 cxd5 4. Nc3 Nc6 5. e4 e6 6. exd5 exd5 7. Nf3 Nf6 8.
Bd3 h6 9. h3 Be7 10. O-O O-O 11. Bf4 Be6 12. Re1 Rc8 13. a3 Re8 14. Rc1 Bd6 15.
Bxd6 Qxd6 16. Nb5 Qb8 17. Ne5 a6 18. Nxc6 bxc6 19. Nc3 Qxb2 20. Qa4 c5 21. Bxa6
Bd7 22. Qa5 Ra8 23. Rxe8+ Bxe8 24. Rb1 Rxa6 25. Qxa6 Qxc3 26. dxc5 Qxc5 27. a4
Ne4 28. Qb6 Qxb6 29. Rxb6 Bxa4 30. Rb8+ Kh7 31. Rd8 Nf6 32. g4 Kg6 33. Kg2 Bc2
34. Kg3 Be4 35. f4 h5 36. f5+ Kh6 37. Kf4 hxg4 38. hxg4 g5+ 39. fxg6 Kxg6 40.
Rd6 Kg7 41. g5 Ng8 42. Ke5 Ne7 43. Rd7 Ng6+ 44. Kd4 Nf8 45. Re7 Ne6+ 46. Ke5
Nxg5 47. Rd7 Ne6 48. Rd6 Kg6 49. Rd7 Bf3 50. Rd6 d4 51. Rd7 f6+ 52. Kxe6 Bg4+
53. Kd5 Bxd7 54. Kxd4 Kf5 0-1

[Event "Titled Tue 17th Jun Late"]
[Site "chess.com INT"]
[Date "2025.06.17"]
[Round "6"]
[White "Petrenko, Maryna"]
[Black "Li, Xueyi"]
[Result "1-0"]
[WhiteTitle "WFM"]
[BlackTitle "WGM"]
[WhiteElo "2062"]
[BlackElo "2220"]
[WhiteFideId "14197820"]
[BlackFideId "8605912"]
[EventDate "2025.06.17"]

1. d4 d5 2. c4 c6 3. Nf3 Nf6 4. cxd5 cxd5 5. Nc3 Nc6 6. Bf4 Bf5 7. Qb3 Qb6 8. e3
e6 9. Bb5 Be7 10. Ne5 Rc8 11. O-O O-O 12. Bxc6 bxc6 13. Qxb6 axb6 14. Na4 Bd8
15. Rac1 b5 16. Nc5 Bc7 17. Nxc6 Bxf4 18. Ne7+ Kh8 19. Nxc8 Rxc8 20. exf4 Ne4
21. Nxe4 1-0

[Event "Titled Tue 17th Jun Late"]
[Site "chess.com INT"]
[Date "2025.06.17"]
[Round "6"]
[White "Goryachkina, Aleksandra"]
[Black "Tao, Sihan"]
[Result "1-0"]
[WhiteTitle "GM"]
[BlackTitle "FM"]
[WhiteElo "2533"]
[BlackElo "2202"]
[WhiteFideId "4147103"]
[BlackFideId "30982677"]
[EventDate "2025.06.17"]

1. e4 c6 2. d4 d5 3. Nd2 dxe4 4. Nxe4 Bf5 5. Ng3 Bg6 6. h4 h6 7. Nf3 Nd7 8. Bd3
Bxd3 9. Qxd3 e6 10. Bf4 Bb4+ 11. c3 Be7 12. O-O-O Ngf6 13. Kb1 Qb6 14. c4 O-O-O
15. Qc2 c5 16. d5 exd5 17. cxd5 Bd6 18. Bxd6 Qxd6 19. Nf5 Qf4 20. h5 Qg4 21.
Nd6+ Kb8 22. Nxf7 Qxg2 23. Nh4 Qg4 24. Nxh8 Rxh8 25. Qg6 Ne5 26. Qxg4 Nexg4 27.
Rhg1 Rd8 28. Nf5 Nxf2 29. Rde1 Nxh5 30. Nxg7 Nd3 31. Rd1 Nhf4 32. Ne6 Rxd5 33.
Rg8+ 1-0

[Event "Titled Tue 17th Jun Late"]
[Site "chess.com INT"]
[Date "2025.06.17"]
[Round "6"]
[White "Dubnevych, Maksym"]
[Black "Hakobyan, Aram"]
[Result "0-1"]
[WhiteTitle "FM"]
[BlackTitle "GM"]
[WhiteElo "2296"]
[BlackElo "2620"]
[WhiteFideId "14184001"]
[BlackFideId "13306677"]
[EventDate "2025.06.17"]

1. Nc3 d5 2. e4 d4 3. Nce2 e5 4. c3 c5 5. Ng3 Bd6 6. Nf3 Ne7 7. Bc4 O-O 8. O-O
Nbc6 9. a4 Na5 10. Ba2 d3 11. b3 Ng6 12. Ba3 Nf4 13. b4 cxb4 14. cxb4 Nc6 15.
Qb3 Bg4 16. b5 Bxf3 17. bxc6 Bxg2 18. cxb7 Rb8 19. Bxd6 Qxd6 20. Nf5 Bxe4 21.
Qxf7+ Rxf7 22. Bxf7+ Kh8 23. Nxg7 Ne2# 0-1

[Event "Titled Tue 17th Jun Late"]
[Site "chess.com INT"]
[Date "2025.06.17"]
[Round "6"]
[White "Sadykov, Ramil"]
[Black "Bulgak, Damir"]
[Result "1-0"]
[WhiteTitle "FM"]
[BlackTitle "CM"]
[WhiteElo "2264"]
[BlackElo "2213"]
[WhiteFideId "24113590"]
[BlackFideId "13528882"]
[EventDate "2025.06.17"]

1. e4 c5 2. Nf3 Nc6 3. Bb5 Nf6 4. Bxc6 bxc6 5. d3 d5 6. e5 Nd7 7. e6 fxe6 8. Qe2
e5 9. Nxe5 Nxe5 10. Qxe5 e6 11. Nd2 Qd6 12. Qh5+ g6 13. Qh4 Be7 14. Qg3 Qxg3 15.
hxg3 O-O 16. Nf3 Bf6 17. O-O Rb8 18. Rb1 Bd7 19. Re1 Rfe8 20. Ne5 Rb7 21. b3 Kg7
22. Bf4 g5 23. Bc1 h6 24. Ba3 Be7 25. Nxd7 Rxd7 26. Rxe6 Rc8 27. Rbe1 Bf8 28.
Bb2+ Kf7 29. Rf6+ Kg8 30. Rg6+ Kh7 31. Ree6 Rdc7 32. Be5 Re7 33. Rxh6+ Kg8 34.
Rh8+ Kf7 35. Rf6+ Kg7 36. Rfxf8+ 1-0

[Event "Titled Tue 17th Jun Late"]
[Site "chess.com INT"]
[Date "2025.06.17"]
[Round "6"]
[White "Esipenko, Andrey"]
[Black "Szpar, Milosz"]
[Result "0-1"]
[WhiteTitle "GM"]
[BlackTitle "IM"]
[WhiteElo "2689"]
[BlackElo "2495"]
[WhiteFideId "24175439"]
[BlackFideId "1184989"]
[EventDate "2025.06.17"]

1. b4 e5 2. Bb2 Bxb4 3. Bxe5 Nf6 4. Nf3 O-O 5. e3 Re8 6. Be2 d5 7. c4 Nc6 8. Bb2
dxc4 9. Bxc4 Bg4 10. Qb3 Qe7 11. Ng5 Bh5 12. g4 Nxg4 13. h4 Na5 14. Qc2 Bg6 15.
Bd3 Nxe3 16. fxe3 Qxe3+ 17. Kd1 Bh5+ 18. Kc1 Qe1+ 19. Qd1 Bxd1 20. Bxh7+ Kf8 21.
Rxe1 Rxe1 0-1

[Event "Titled Tue 17th Jun Late"]
[Site "chess.com INT"]
[Date "2025.06.17"]
[Round "6"]
[White "Norman, Kseniya"]
[Black "Sindarov, Islombek"]
[Result "1-0"]
[WhiteTitle "WFM"]
[BlackTitle "CM"]
[WhiteElo "2069"]
[BlackElo "2129"]
[WhiteFideId "13518780"]
[BlackFideId "14205475"]
[EventDate "2025.06.17"]

1. e4 g6 2. d4 Bg7 3. Nf3 d6 4. c4 Nd7 5. Nc3 e5 6. d5 Ngf6 7. Nd2 O-O 8. h4 a5
9. Be2 Nc5 10. h5 Ne8 11. Nf3 f5 12. hxg6 hxg6 13. Nh4 Qf6 14. exf5 gxf5 15. Bh5
f4 16. Qc2 Bf5 17. Nxf5 Qxf5 18. Qxf5 Rxf5 19. Bg6 Rg5 20. Bh7+ Kf8 21. g3 Nd3+
22. Bxd3 Nf6 23. gxf4 exf4 24. Bxf4 Re8+ 25. Kf1 Rg4 26. Be3 Kf7 27. Re1 b6 28.
Ne2 Ne4 29. f3 Ng3+ 30. Nxg3 Rxg3 31. Kf2 Be5 32. Rh7+ Kg8 33. f4 Rxe3 34. Rxe3
Bd4 35. Rh3 Kf7 36. f5 Kf6 37. Ke2 Bxe3 38. Rxe3 Rh8 39. Re6+ Kg5 40. Rg6+ Kf4
41. Kd2 Rh2+ 42. Kc3 Rf2 43. f6 Ke3 44. Rg3+ Kf4 45. Rg1 Ke5 46. Rf1 Rxf1 47.
Bxf1 Kxf6 48. Kd4 Kf5 49. a3 Kf4 50. b4 axb4 51. axb4 Kf5 52. Bh3+ Kf4 53. Bd7
Kg5 54. Ke4 Kf6 55. Kf4 Ke7 56. Bb5 1-0

[Event "Titled Tue 17th Jun Late"]
[Site "chess.com INT"]
[Date "2025.06.17"]
[Round "6"]
[White "Ferraz, Michel Liah"]
[Black "Gorbenko, Rustem"]
[Result "1-0"]
[BlackTitle "CM"]
[WhiteElo "2007"]
[BlackElo "2201"]
[WhiteFideId "22743219"]
[BlackFideId "14111438"]
[EventDate "2025.06.17"]

1. d4 e6 2. c4 Nf6 3. Nc3 Bb4 4. Qc2 b6 5. e4 Bb7 6. Bd3 d6 7. Qa4+ Nc6 8. d5
Bxc3+ 9. bxc3 Qd7 10. dxc6 Bxc6 11. Qc2 Ba4 12. Qe2 O-O-O 13. Nf3 h6 14. O-O g5
15. Nd4 c5 16. Nf3 g4 17. Nh4 Bc6 18. Bf4 Nh5 19. Qxg4 Nxf4 20. Qxf4 Rdg8 21.
Rfe1 h5 22. Be2 Rg7 23. g3 Rhg8 24. Bxh5 Rh8 25. Bf3 e5 26. Qf6 Rgh7 27. Qf5
Qxf5 28. Nxf5 Rxh2 29. Ne7+ Kd7 30. Nxc6 Kxc6 31. a4 a5 32. Ra2 f6 33. Rb2 R2h7
34. Reb1 Rb8 35. Rb5 Re7 36. Rxa5 Rbb7 37. Ra6 Ra7 38. Rbxb6+ 1-0

[Event "Titled Tue 17th Jun Late"]
[Site "chess.com INT"]
[Date "2025.06.17"]
[Round "6"]
[White "Al-Tarboush, Ward"]
[Black "Daspres, Loic"]
[Result "1-0"]
[WhiteTitle "FM"]
[BlackTitle "CM"]
[WhiteElo "2223"]
[BlackElo "2207"]
[WhiteFideId "7601450"]
[BlackFideId "20612281"]
[EventDate "2025.06.17"]

1. e4 c5 2. Nf3 e6 3. d4 cxd4 4. Nxd4 Nf6 5. Nc3 Nc6 6. Bf4 e5 7. Nxc6 bxc6 8.
Bxe5 d6 9. Bg3 Be7 10. Bd3 O-O 11. O-O Qb6 12. Rb1 Ng4 13. h3 Ne5 14. Bxe5 dxe5
15. Bc4 Qc5 16. Qe2 Rb8 17. Rfd1 Rb4 18. b3 Rb8 19. Na4 Qa5 20. Qf3 Bf6 21. Rd6
Ba6 22. Bxa6 Qxa6 23. Rxf6 gxf6 24. Qxf6 Qe2 25. Rf1 Qxe4 26. Nc5 Qd5 27. Re1
Rb4 28. Rxe5 1-0